MARC

LEADER 00000nam0a2200000 4500
001 127173
005 20231031132126.0
020 |a RU  |b 86-93890 
035 |a (RuTPU)RU\TPU\book\137558 
090 |a 127173 
100 |a 20071211d1986 m y0rusy5003 ca 
101 0 |a rus 
102 |a RU 
105 |a a z 000zy 
200 1 |a Теннис после тридцати  |f Ю. Н. Айвазян 
210 |a Москва  |c Физкультура и спорт  |d 1986 
215 |a 128 с.  |c ил. 
610 1 |a теннис 
610 1 |a спорт 
610 1 |a ракетки 
610 1 |a обучение 
610 1 |a правила 
610 1 |a тактика 
610 1 |a одиночная игра 
610 1 |a парная игра 
610 1 |a турниры 
610 1 |a тренировки на корте 
610 1 |a упражнения 
675 |a 796.342  |z rus 
700 1 |a Айвазян  |b Ю. Н.  |g Юрий Нерсесович  |4 070 
801 0 |a RU  |b RuMRKP  |c 19950417  |g psbo 
801 1 |a RU  |b 63413507  |c 20071211  |g PSBO 
801 2 |a RU  |b 63413507  |c 20071211  |g PSBO 
942 |c BK